Počítačová podpora výučby teórie obrábania = Training software for support of jigging theory education : Diplomová práca

Gespeichert in:
Bibliographische Detailangaben
1. Verfasser: Hodulík, Roman (Verfasst von)
Weitere Verfasser: Pokorný, Peter, 1976- (xxx)
Format: Manuskript Buch
Sprache:Slowakisch
Veröffentlicht: Trnava : STU v Bratislave MTF UVTE KOM, 2009
Schlagworte:
Tags: Tag hinzufügen
Keine Tags, Fügen Sie das erste Tag hinzu!

MARC

LEADER 00000ntm a22000003a 4500
001 stu189281
005 20160719154429.6
008 090903s2009----xo------------------slo-d
040 |a STU  |b slo 
041 0 |a slo 
044 |a xo 
100 1 |a Hodulík, Roman  |4 aut 
245 1 |a Počítačová podpora výučby teórie obrábania = Training software for support of jigging theory education :  |b Diplomová práca 
260 |a Trnava :  |b STU v Bratislave MTF UVTE KOM,  |c 2009 
300 |a 60 s  |c 1 CD-ROM 
500 |a Študijný program: počítačová podpora návrhu a výroby 
500 |a Študijný odbor: 5.2.51 výrobné technológie 
650 7 |a softvér  |2 stusub 
650 7 |a MacroMedia Dream Weaver 8.0  |2 stusub 
650 7 |a e-learning  |2 estusub 
700 1 |a Pokorný, Peter,  |d 1976-  |4 xxx  |u M3000  |U MTF Materiálovotechnologická fakulta  |T MTF Ústav výrobných technológií  |X 2771  |U M3000  |Y 83  |7 A000002771 
996 |b 284M077140  |c M*DP-8227  |l MMSKP  |s P  |a 0  |w stu189281_0001